| 000 | 00700nam a2200241 a 4500 | ||
|---|---|---|---|
| 001 | 56960 | ||
| 003 | BD-RjUL | ||
| 005 | 20211209080444.0 | ||
| 008 | 161205s1962 enka 001 0 eng | ||
| 035 | _a(BD-RjUL)57084 | ||
| 035 | _a(OCoLC)1373934 | ||
| 040 |
_aDLC _cFM _dOCoLC _dBD-RjUL _beng |
||
| 041 | _aeng | ||
| 082 |
_a296.155 _223 _bGII 1962 |
||
| 100 | 1 |
_aGilkes, A. N. _q(Anthony Newcombe), _d1900- _9169283 |
|
| 245 | 1 | 4 |
_aThe impact of the Dead Sea scrolls / _cA. N. Gilkes |
| 260 |
_aLondon, _bMacmillan & Co Ltd., _c1962. |
||
| 300 |
_aviii, 167 p. : _bill. ; _c21 cm. |
||
| 500 | _aIncludes index | ||
| 650 |
_aDead Sea scrolls. _9169284 |
||
| 942 |
_2ddc _cBK |
||
| 999 |
_c56960 _d56960 |
||